[Event "DVM U12w 2024"]
[Site "Bad Homburg GER"]
[Date "2024.12.27"]
[Round "2"]
[White "Gelbach, Amelia"]
[Black "Lao, Theodora Siyuan"]
[Result "0-1"]
[Termination "normal"]
[Board "5.3"]
[WhiteElo "809"]
[BlackElo "1170"]
[WhiteClock "00:59:37"]
[BlackClock "01:22:42"]
[WhiteTeam "SG Porz 2"]
[BlackTeam "SK Bad Homburg 1927"]
[PlyCount "74"]
[WhiteFideId "34682732"]
[BlackFideId "34667547"]
[EventCountry "GER"]
[EventRounds "7"]
[EventType "team-swiss"]
[EventDate "2024.12.26"]

1. e4 {[%clk 01:30:58]} {[%emt 00:00:01]} e5 {[%clk 01:30:59]} 2. Nf3 {[%clk
01:31:01]} {[%emt 00:00:28]} Nc6 {[%clk 01:31:22]} {[%emt 00:00:06]} 3. Bc4
{[%clk 01:30:59]} {[%emt 00:00:32]} Nf6 {[%clk 01:31:41]} {[%emt 00:00:11]} 4.
d3 {[%clk 01:31:01]} {[%emt 00:00:28]} Bc5 {[%clk 01:31:40]} {[%emt 00:00:30]}
5. c3 {[%clk 01:30:53]} {[%emt 00:00:40]} d5 {[%clk 01:31:10]} {[%emt
00:01:00]} 6. exd5 {[%clk 01:30:18]} {[%emt 00:01:04]} Nxd5 {[%clk 01:31:19]}
{[%emt 00:00:21]} 7. d4 {[%clk 01:28:51]} {[%emt 00:01:58]} exd4 {[%clk
01:31:03]} {[%emt 00:00:45]} 8. cxd4 {[%clk 01:28:58]} {[%emt 00:00:23]} Bb4+
{[%clk 01:30:42]} {[%emt 00:00:51]} 9. Bd2 {[%clk 01:28:09]} {[%emt 00:01:20]}
Bxd2+ {[%clk 01:30:39]} {[%emt 00:00:33]} 10. Nbxd2 {[%clk 01:27:35]} {[%emt
00:01:03]} Qe7+ {[%clk 01:30:20]} {[%emt 00:00:49]} 11. Qe2 {[%clk 01:26:58]}
{[%emt 00:01:08]} Qxe2+ {[%clk 01:30:41]} {[%emt 00:00:09]} 12. Bxe2 {[%clk
01:27:01]} {[%emt 00:00:27]} Bg4 {[%clk 01:30:35]} {[%emt 00:00:36]} 13. Nb3
{[%clk 01:26:35]} {[%emt 00:00:55]} O-O-O {[%clk 01:30:24]} {[%emt 00:00:42]}
14. Rd1 {[%clk 01:26:36]} {[%emt 00:00:29]} Rhe8 {[%clk 01:29:45]} {[%emt
00:01:08]} 15. Nbd2 {[%clk 01:16:54]} {[%emt 00:10:15]} Nf4 {[%emt 00:03:20]}
16. O-O {[%clk 01:15:19]} {[%emt 00:00:01]} Nxe2+ {[%clk 01:28:58]} {[%emt
00:00:30]} 17. Kh1 {[%clk 01:15:17]} {[%emt 00:00:30]} Nexd4 {[%emt 00:01:00]}
18. Rde1 {[%clk 01:14:14]} {[%emt 00:01:32]} h6 {[%clk 01:27:05]} {[%emt
00:01:54]} 19. h3 {[%clk 01:13:27]} {[%emt 00:01:17]} Be6 {[%clk 01:26:36]}
{[%emt 00:00:55]} 20. Kg1 {[%clk 01:08:42]} {[%emt 00:05:19]} Bxa2 {[%clk
01:26:11]} {[%emt 00:00:54]} 21. Rxe8 {[%clk 01:08:23]} {[%emt 00:00:49]} Rxe8
{[%clk 01:26:28]} {[%emt 00:00:13]} 22. Ra1 {[%clk 01:08:35]} {[%emt 00:00:18]}
Nxf3+ {[%clk 01:26:12]} {[%emt 00:00:48]} 23. Nxf3 {[%clk 01:08:46]} {[%emt
00:00:17]} Bd5 {[%clk 01:26:15]} {[%emt 00:00:25]} 24. Ne1 {[%clk 01:06:52]}
{[%emt 00:02:26]} a6 {[%clk 01:25:22]} {[%emt 00:01:24]} 25. Nd3 {[%clk
01:05:00]} {[%emt 00:02:21]} g5 {[%clk 01:25:25]} {[%emt 00:00:28]} 26. b4
{[%clk 01:04:11]} {[%emt 00:01:18]} f5 {[%clk 01:25:22]} {[%emt 00:00:34]} 27.
b5 {[%emt 00:00:33]} axb5 {[%clk 01:25:18]} {[%emt 00:00:32]} 28. Ra8+ {[%clk
01:03:54]} {[%emt 00:00:45]} Kd7 {[%clk 01:25:37]} {[%emt 00:00:12]} 29. Nc5+
{[%clk 01:04:07]} {[%emt 00:00:16]} Ke7 {[%clk 01:25:48]} {[%emt 00:00:17]} 30.
Ra1 {[%clk 01:03:25]} {[%emt 00:01:14]} b6 {[%clk 01:25:13]} {[%emt 00:01:05]}
31. Re1+ {[%clk 01:03:22]} {[%emt 00:00:33]} Kf7 {[%clk 01:25:15]} {[%emt
00:00:27]} 32. Rd1 {[%clk 01:02:56]} {[%emt 00:00:57]} bxc5 {[%clk 01:24:13]}
{[%emt 00:01:34]} 33. Rxd5 {[%clk 01:02:21]} {[%emt 00:01:04]} Re5 {[%clk
01:23:53]} {[%emt 00:00:50]} 34. Rd1 {[%clk 01:01:42]} {[%emt 00:01:09]} c4
{[%clk 01:24:08]} {[%emt 00:00:16]} 35. Rd7+ {[%clk 01:00:07]} {[%emt
00:02:03]} Re7 {[%clk 01:24:03]} {[%emt 00:00:36]} 36. Rd5 {[%clk 01:00:17]}
{[%emt 00:00:20]} c3 {[%clk 01:23:13]} {[%emt 00:01:20]} 37. Rd1 {[%clk
00:59:37]} {[%emt 00:01:09]} b4 {[%clk 01:22:42]} {[%emt 00:01:03]} 0-1

[Event "DVM U12w 2024"]
[Site "Bad Homburg GER"]
[Date "2024.12.27"]
[Round "2"]
[White "Kotliarova, Emily"]
[Black "Daaboul, Ulla"]
[Result "1-0"]
[Termination "normal"]
[Board "5.4"]
[WhiteElo "1139"]
[BlackElo "787"]
[WhiteClock "00:50:44"]
[BlackClock "01:30:42"]
[WhiteTeam "SK Bad Homburg 1927"]
[BlackTeam "SG Porz 2"]
[PlyCount "51"]
[WhiteFideId "34694390"]
[BlackFideId "533025991"]
[EventCountry "GER"]
[EventRounds "7"]
[EventType "team-swiss"]
[EventDate "2024.12.26"]

1. e4 {[%clk 01:30:59]} {[%emt 00:00:01]} c5 {[%clk 01:30:55]} {[%emt
00:00:06]} 2. Nf3 {[%clk 01:31:24]} {[%emt 00:00:05]} Nc6 {[%clk 01:31:21]}
{[%emt 00:00:05]} 3. Bb5 {[%clk 01:31:47]} {[%emt 00:00:06]} d6 {[%clk
01:31:36]} {[%emt 00:00:14]} 4. Bxc6+ {[%clk 01:32:09]} {[%emt 00:00:09]} bxc6
{[%clk 01:31:58]} {[%emt 00:00:08]} 5. O-O {[%clk 01:32:02]} {[%emt 00:00:36]}
g6 {[%clk 01:32:24]} {[%emt 00:00:05]} 6. Re1 {[%clk 01:31:32]} {[%emt
00:01:01]} Bg7 {[%clk 01:32:43]} {[%emt 00:00:11]} 7. e5 {[%clk 01:30:45]}
{[%emt 00:01:16]} Bg4 {[%clk 01:32:09]} {[%emt 00:01:04]} 8. exd6 {[%clk
01:28:18]} {[%emt 00:02:58]} Qxd6 {[%clk 01:32:29]} {[%emt 00:00:10]} 9. h3
{[%clk 01:26:14]} {[%emt 00:02:34]} Bh5 {[%clk 01:32:32]} {[%emt 00:00:27]} 10.
g4 {[%clk 01:26:07]} {[%emt 00:00:36]} Bxg4 {[%clk 01:32:35]} {[%emt 00:00:27]}
11. hxg4 {[%clk 01:26:24]} {[%emt 00:00:14]} Nf6 {[%clk 01:32:48]} {[%emt
00:00:16]} 12. Nh2 {[%clk 01:23:35]} {[%emt 00:03:19]} Qd4 {[%clk 01:32:55]}
{[%emt 00:00:22]} 13. d3 {[%clk 01:22:09]} {[%emt 00:01:57]} O-O {[%clk
01:33:08]} {[%emt 00:00:16]} 14. Nc3 {[%clk 01:21:19]} {[%emt 00:01:20]} Rad8
{[%clk 01:33:19]} {[%emt 00:00:19]} 15. Be3 {[%clk 01:20:02]} {[%emt 00:01:45]}
Qb4 {[%clk 01:33:21]} {[%emt 00:00:29]} 16. Rb1 {[%clk 01:19:33]} {[%emt
00:01:00]} Nd5 {[%clk 01:33:14]} {[%emt 00:00:36]} 17. a3 {[%clk 01:04:44]}
{[%emt 00:15:20]} Qb8 {[%clk 01:33:31]} {[%emt 00:00:14]} 18. Nxd5 {[%clk
01:01:32]} {[%emt 00:03:42]} Rxd5 {[%emt 00:01:33]} 19. c4 {[%clk 01:00:44]}
Rd7 {[%clk 01:33:14]} {[%emt 00:01:00]} 20. Bxc5 {[%clk 01:00:14]} {[%emt
00:01:01]} Bxb2 {[%clk 01:33:14]} {[%emt 00:00:31]} 21. Qc2 {[%clk 00:57:29]}
{[%emt 00:03:06]} Rfd8 {[%clk 01:32:15]} {[%emt 00:01:37]} 22. Rxb2 {[%clk
00:57:17]} {[%emt 00:00:43]} Qf4 {[%clk 01:32:23]} {[%emt 00:00:20]} 23. Qd2
{[%clk 00:53:56]} {[%emt 00:03:53]} Qf6 {[%clk 01:32:35]} {[%emt 00:00:15]} 24.
Qe2 {[%clk 00:51:57]} {[%emt 00:02:28]} Kf8 {[%clk 01:31:08]} {[%emt 00:02:01]}
25. Qe5 {[%clk 00:50:31]} {[%emt 00:01:53]} Qh4 {[%clk 01:30:42]} {[%emt
00:00:57]} 26. Qh8# {[%clk 00:50:44]} {[%emt 00:00:16]} 1-0

[Event "DVM U12w 2024"]
[Site "Bad Homburg GER"]
[Date "2024.12.27"]
[Round "2"]
[White "Klymenko, Mariia"]
[Black "Busch, Lara Sophie"]
[Result "1/2-1/2"]
[Termination "normal"]
[Board "6.1"]
[WhiteElo "1625"]
[BlackElo "1626"]
[WhiteClock "00:18:57"]
[BlackClock "00:04:49"]
[WhiteTeam "SC Borussia Lichtenberg"]
[BlackTeam "SchVgg Blankenese 1923"]
[PlyCount "68"]
[WhiteFideId "34620621"]
[BlackFideId "34664866"]
[EventCountry "GER"]
[EventRounds "7"]
[EventType "team-swiss"]
[EventDate "2024.12.26"]

1. e4 {[%clk 01:30:58]} e5 {[%clk 01:30:51]} {[%emt 00:00:10]} 2. d4 {[%clk
01:31:24]} {[%emt 00:00:04]} exd4 {[%clk 01:31:06]} {[%emt 00:00:15]} 3. Qxd4
{[%clk 01:31:49]} {[%emt 00:00:05]} Nc6 {[%clk 01:31:00]} {[%emt 00:00:36]} 4.
Qd3 {[%clk 01:32:15]} {[%emt 00:00:04]} Bc5 {[%clk 01:27:19]} {[%emt 00:04:12]}
5. Nc3 {[%clk 01:32:07]} {[%emt 00:00:38]} Nf6 {[%clk 01:25:26]} {[%emt
00:02:22]} 6. Bf4 {[%clk 01:30:40]} {[%emt 00:01:56]} O-O {[%clk 01:15:32]}
{[%emt 00:10:25]} 7. f3 {[%clk 01:29:06]} {[%emt 00:02:04]} a5 {[%clk
01:11:50]} {[%emt 00:04:12]} 8. g4 {[%clk 01:26:27]} {[%emt 00:03:10]} Re8
{[%clk 01:06:53]} {[%emt 00:05:26]} 9. O-O-O {[%clk 01:23:09]} {[%emt
00:03:49]} d6 {[%clk 01:04:16]} {[%emt 00:03:07]} 10. h4 {[%clk 01:22:04]}
{[%emt 00:01:35]} Be6 {[%clk 00:52:37]} {[%emt 00:12:09]} 11. a3 {[%clk
01:14:14]} {[%emt 00:08:19]} Qd7 {[%clk 00:47:06]} {[%emt 00:06:01]} 12. Be2
{[%clk 01:12:36]} {[%emt 00:02:08]} Nd4 {[%clk 00:45:28]} {[%emt 00:02:09]} 13.
h5 {[%clk 01:10:11]} {[%emt 00:02:56]} Nxe2+ {[%clk 00:40:50]} {[%emt
00:05:07]} 14. Ngxe2 {[%clk 01:09:22]} {[%emt 00:01:19]} Reb8 {[%clk 00:36:00]}
{[%emt 00:05:19]} 15. g5 {[%clk 01:07:56]} {[%emt 00:01:56]} Ne8 {[%clk
00:36:17]} {[%emt 00:00:13]} 16. g6 {[%clk 01:00:59]} {[%emt 00:07:27]} h6
{[%clk 00:34:06]} {[%emt 00:02:41]} 17. gxf7+ {[%clk 00:56:07]} {[%emt
00:05:22]} Bxf7 {[%clk 00:34:16]} {[%emt 00:00:20]} 18. e5 {[%clk 00:55:02]}
{[%emt 00:01:34]} b5 {[%clk 00:33:08]} {[%emt 00:01:39]} 19. Ne4 {[%clk
00:54:00]} {[%emt 00:01:32]} Bc4 {[%clk 00:26:51]} {[%emt 00:06:46]} 20. Nxc5
{[%clk 00:47:35]} {[%emt 00:06:55]} Qc6 {[%clk 00:21:41]} {[%emt 00:05:41]} 21.
Nd4 {[%clk 00:44:03]} {[%emt 00:04:02]} Qxc5 {[%clk 00:21:27]} {[%emt
00:00:44]} 22. Qf5 {[%clk 00:42:16]} {[%emt 00:02:06]} dxe5 {[%clk 00:17:04]}
{[%emt 00:05:04]} 23. Rhg1 {[%clk 00:38:52]} {[%emt 00:03:55]} Qf8 {[%clk
00:14:53]} {[%emt 00:02:41]} 24. Qxf8+ {[%clk 00:36:07]} {[%emt 00:03:15]} Kxf8
{[%clk 00:15:22]} {[%emt 00:00:02]} 25. Bxe5 {[%clk 00:36:00]} {[%emt
00:00:37]} Rb6 {[%clk 00:11:30]} {[%emt 00:04:21]} 26. b3 {[%clk 00:33:42]}
{[%emt 00:02:48]} Bf7 {[%clk 00:10:07]} {[%emt 00:01:51]} 27. Nf5 {[%clk
00:31:07]} {[%emt 00:03:06]} Bxh5 {[%clk 00:10:10]} {[%emt 00:00:30]} 28. Nxg7
{[%clk 00:28:42]} {[%emt 00:02:54]} Bg6 {[%clk 00:07:11]} {[%emt 00:03:28]} 29.
Nxe8 {[%clk 00:27:24]} {[%emt 00:01:49]} Rxe8 {[%clk 00:06:19]} {[%emt
00:01:22]} 30. Bxc7 {[%clk 00:21:50]} {[%emt 00:06:04]} Rc6 {[%clk 00:06:47]}
{[%emt 00:00:02]} 31. Bd6+ {[%clk 00:21:55]} {[%emt 00:00:24]} Kf7 {[%clk
00:06:49]} {[%emt 00:00:23]} 32. Rg2 {[%clk 00:22:02]} {[%emt 00:00:29]} Re3
{[%clk 00:05:47]} {[%emt 00:01:25]} 33. Kb2 {[%clk 00:19:36]} {[%emt 00:03:04]}
Rxf3 {[%clk 00:05:46]} {[%emt 00:00:31]} 34. Rdd2 {[%clk 00:18:57]} {[%emt
00:01:05]} Bxc2 {[%clk 00:04:49]} {[%emt 00:01:31]} 1/2-1/2

[Event "DVM U12w 2024"]
[Site "Bad Homburg GER"]
[Date "2024.12.27"]
[Round "2"]
[White "Winkler, Frida"]
[Black "Mersmann, Jasmin"]
[Result "0-1"]
[Termination "normal"]
[Board "7.1"]
[WhiteElo "1556"]
[BlackElo "1527"]
[WhiteClock "01:00:25"]
[BlackClock "00:36:19"]
[WhiteTeam "SK König Plauen"]
[BlackTeam "Karlsruher SF 1853"]
[PlyCount "92"]
[WhiteFideId "34622322"]
[BlackFideId "34630287"]
[EventCountry "GER"]
[EventRounds "7"]
[EventType "team-swiss"]
[EventDate "2024.12.26"]

1. e4 {[%clk 01:30:54]} {[%emt 00:00:06]} e5 {[%clk 01:30:58]} {[%emt
00:00:02]} 2. Nf3 {[%clk 01:31:13]} {[%emt 00:00:11]} Nc6 {[%clk 01:31:23]}
{[%emt 00:00:05]} 3. Bc4 {[%clk 01:31:35]} {[%emt 00:00:08]} Bc5 {[%clk
01:31:30]} {[%emt 00:00:23]} 4. c3 {[%clk 01:31:57]} {[%emt 00:00:09]} d6
{[%clk 01:31:50]} {[%emt 00:00:10]} 5. a4 {[%clk 01:32:02]} {[%emt 00:00:23]}
a6 {[%clk 01:31:46]} {[%emt 00:00:35]} 6. d4 {[%clk 01:31:57]} {[%emt
00:00:35]} exd4 {[%clk 01:31:43]} {[%emt 00:00:33]} 7. cxd4 {[%clk 01:32:16]}
{[%emt 00:00:11]} Bb4+ {[%clk 01:31:45]} {[%emt 00:00:27]} 8. Bd2 {[%clk
01:32:04]} {[%emt 00:00:42]} Bxd2+ {[%clk 01:31:59]} {[%emt 00:00:17]} 9. Nbxd2
{[%clk 01:32:15]} {[%emt 00:00:19]} Nf6 {[%clk 01:32:01]} {[%emt 00:00:28]} 10.
h3 {[%clk 01:30:59]} {[%emt 00:01:46]} O-O {[%clk 01:31:46]} {[%emt 00:00:45]}
11. O-O {[%clk 01:27:19]} {[%emt 00:04:10]} Re8 {[%clk 01:31:06]} {[%emt
00:01:11]} 12. Re1 {[%clk 01:26:27]} {[%emt 00:01:21]} b6 {[%clk 01:28:19]}
{[%emt 00:03:16]} 13. Qb3 {[%clk 01:22:10]} {[%emt 00:04:46]} Re7 {[%clk
01:26:51]} {[%emt 00:01:59]} 14. Ng5 {[%clk 01:16:33]} {[%emt 00:06:04]} Qe8
{[%clk 01:23:13]} {[%emt 00:04:11]} 15. e5 {[%clk 01:15:17]} {[%emt 00:01:47]}
Nd7 {[%clk 00:49:35]} {[%emt 00:34:08]} 16. Bxf7+ {[%clk 01:14:46]} {[%emt
00:01:02]} Rxf7 {[%clk 00:48:25]} {[%emt 00:01:39]} 17. Qxf7+ {[%clk 01:14:55]}
{[%emt 00:00:21]} Qxf7 {[%clk 00:48:24]} {[%emt 00:00:31]} 18. Nxf7 {[%clk
01:15:12]} {[%emt 00:00:14]} Nxd4 {[%clk 00:45:46]} {[%emt 00:03:07]} 19. e6
{[%clk 01:10:01]} {[%emt 00:05:42]} Nf6 {[%clk 00:45:13]} {[%emt 00:01:01]} 20.
Nd8 {[%clk 01:08:53]} {[%emt 00:01:40]} Nc2 {[%clk 00:42:37]} {[%emt 00:03:05]}
21. e7 {[%clk 01:07:53]} {[%emt 00:01:30]} Bd7 {[%clk 00:41:11]} {[%emt
00:01:56]} 22. Rec1 {[%clk 01:07:10]} {[%emt 00:01:12]} Nxa1 {[%clk 00:40:54]}
{[%emt 00:00:48]} 23. Rxc7 {[%clk 01:07:26]} Bxa4 {[%clk 00:40:16]} {[%emt
00:01:22]} 24. Nb7 {[%clk 01:04:49]} {[%emt 00:03:08]} Nd5 {[%clk 00:37:41]}
{[%emt 00:03:03]} 25. Rc4 {[%clk 01:03:59]} {[%emt 00:01:21]} b5 {[%clk
00:36:17]} {[%emt 00:01:54]} 26. Re4 {[%clk 01:04:12]} {[%emt 00:00:18]} Re8
{[%clk 00:36:15]} {[%emt 00:00:31]} 27. Nxd6 {[%clk 01:03:19]} {[%emt
00:01:24]} Rxe7 {[%clk 00:36:11]} {[%emt 00:00:35]} 28. Rd4 {[%clk 01:02:33]}
{[%emt 00:01:15]} Nf6 {[%emt 00:02:37]} 29. Nc8 {[%clk 01:01:00]} {[%emt
00:00:07]} Rd7 {[%clk 00:36:09]} {[%emt 00:00:21]} 30. Rxd7 {[%clk 00:58:11]}
{[%emt 00:03:19]} Nxd7 {[%clk 00:36:31]} {[%emt 00:00:07]} 31. Ne7+ {[%clk
00:58:22]} {[%emt 00:00:20]} Kf8 {[%clk 00:36:46]} {[%emt 00:00:15]} 32. Nc6
{[%clk 00:58:43]} {[%emt 00:00:09]} Nb3 {[%clk 00:36:56]} {[%emt 00:00:19]} 33.
Nxb3 {[%clk 00:58:53]} {[%emt 00:00:21]} Bxb3 {[%clk 00:37:10]} {[%emt
00:00:15]} 34. Kf1 {[%clk 00:58:51]} {[%emt 00:00:33]} Nc5 {[%clk 00:37:30]}
{[%emt 00:00:09]} 35. Ke1 {[%clk 00:58:23]} {[%emt 00:00:57]} Nd3+ {[%clk
00:37:47]} {[%emt 00:00:14]} 36. Kd2 {[%clk 00:58:29]} {[%emt 00:00:25]} Nxf2
{[%clk 00:37:51]} {[%emt 00:00:25]} 37. Nb4 {[%clk 00:58:30]} {[%emt 00:00:29]}
a5 {[%clk 00:37:46]} {[%emt 00:00:35]} 38. Nc6 {[%clk 00:58:53]} {[%emt
00:00:06]} a4 {[%clk 00:38:05]} {[%emt 00:00:11]} 39. Nd4 {[%clk 00:59:13]}
{[%emt 00:00:11]} Ne4+ {[%clk 00:38:17]} {[%emt 00:00:18]} 40. Kd3 {[%clk
00:59:09]} {[%emt 00:00:32]} Nc5+ {[%clk 00:38:19]} {[%emt 00:00:29]} 41. Kc3
{[%clk 00:59:19]} {[%emt 00:00:19]} Kf7 {[%clk 00:38:22]} {[%emt 00:00:28]} 42.
Nxb5 {[%clk 00:59:34]} {[%emt 00:00:16]} Kg6 {[%clk 00:38:22]} {[%emt
00:00:31]} 43. Nd4 {[%clk 00:59:42]} {[%emt 00:00:20]} Kg5 {[%clk 00:37:19]}
{[%emt 00:01:33]} 44. Nxb3 {[%clk 00:59:45]} {[%emt 00:00:28]} Nxb3 {[%clk
00:36:27]} {[%emt 00:01:21]} 45. Kb4 {[%clk 01:00:05]} {[%emt 00:00:11]} Nd4
{[%clk 00:36:01]} {[%emt 00:00:56]} 46. Kxa4 {[%clk 01:00:25]} {[%emt
00:00:09]} Kf4 {[%clk 00:36:19]} {[%emt 00:00:12]} 0-1

[Event "DVM U12w 2024"]
[Site "Bad Homburg GER"]
[Date "2024.12.27"]
[Round "2"]
[White "Ising, Svea"]
[Black "Glotz, Katharina"]
[Result "0-1"]
[Termination "normal"]
[Board "8.2"]
[WhiteElo "1221"]
[BlackElo "1656"]
[WhiteClock "01:04:41"]
[BlackClock "00:20:59"]
[WhiteTeam "SF Brackel 1930"]
[BlackTeam "USV TU Dresden"]
[PlyCount "100"]
[WhiteFideId "34634070"]
[BlackFideId "34631011"]
[EventCountry "GER"]
[EventRounds "7"]
[EventType "team-swiss"]
[EventDate "2024.12.26"]

1. e4 {[%clk 01:30:58]} {[%emt 00:00:01]} c5 {[%clk 01:30:50]} {[%emt
00:00:11]} 2. d4 {[%clk 01:31:22]} {[%emt 00:00:05]} cxd4 {[%clk 01:30:42]}
{[%emt 00:00:38]} 3. c3 {[%clk 01:31:41]} {[%emt 00:00:12]} g6 {[%clk
01:11:44]} {[%emt 00:19:27]} 4. Nf3 {[%clk 01:31:48]} {[%emt 00:00:24]} dxc3
{[%clk 01:00:22]} {[%emt 00:11:51]} 5. Nxc3 {[%clk 01:32:05]} {[%emt 00:00:13]}
Bg7 {[%clk 01:00:43]} {[%emt 00:00:09]} 6. Bc4 {[%clk 01:32:07]} {[%emt
00:00:27]} Nf6 {[%clk 00:59:50]} {[%emt 00:01:24]} 7. O-O {[%clk 01:32:03]}
{[%emt 00:00:35]} O-O {[%clk 00:58:01]} {[%emt 00:02:19]} 8. Qe2 {[%clk
01:30:29]} {[%emt 00:02:02]} d6 {[%clk 00:56:33]} {[%emt 00:01:59]} 9. Rd1
{[%clk 01:28:39]} {[%emt 00:02:20]} Bd7 {[%clk 00:52:13]} {[%emt 00:04:50]} 10.
Be3 {[%clk 01:25:02]} {[%emt 00:04:06]} Nc6 {[%clk 00:51:40]} {[%emt 00:01:04]}
11. Qd2 {[%clk 01:23:11]} {[%emt 00:02:20]} Bg4 {[%clk 00:47:02]} {[%emt
00:05:09]} 12. Be2 {[%clk 01:19:56]} {[%emt 00:03:46]} Rc8 {[%clk 00:43:50]}
{[%emt 00:03:40]} 13. Bh6 {[%clk 01:18:19]} {[%emt 00:02:08]} Rc7 {[%clk
00:40:40]} {[%emt 00:03:40]} 14. Bxg7 {[%clk 01:18:20]} {[%emt 00:00:29]} Kxg7
{[%clk 00:40:57]} {[%emt 00:00:13]} 15. h3 {[%clk 01:17:06]} {[%emt 00:01:43]}
Be6 {[%clk 00:40:44]} {[%emt 00:00:42]} 16. Qe3 {[%clk 01:15:37]} {[%emt
00:02:01]} Qc8 {[%clk 00:39:14]} {[%emt 00:02:00]} 17. Rac1 {[%clk 01:15:12]}
{[%emt 00:00:55]} Rd8 {[%clk 00:37:39]} {[%emt 00:02:05]} 18. Ng5 {[%clk
01:14:28]} {[%emt 00:01:15]} a6 {[%clk 00:30:23]} {[%emt 00:07:46]} 19. Nxe6+
{[%clk 01:13:56]} {[%emt 00:01:02]} Qxe6 {[%clk 00:30:31]} {[%emt 00:00:21]}
20. Nd5 {[%clk 01:12:26]} {[%emt 00:02:01]} Rcc8 {[%clk 00:29:13]} {[%emt
00:01:49]} 21. Bc4 {[%clk 01:07:04]} {[%emt 00:05:52]} Qxe4 {[%clk 00:26:10]}
{[%emt 00:03:32]} 22. Re1 {[%clk 01:05:13]} {[%emt 00:02:22]} Qxe3 {[%clk
00:26:02]} {[%emt 00:00:38]} 23. fxe3 {[%clk 01:05:00]} {[%emt 00:00:43]} Nxd5
{[%clk 00:25:44]} {[%emt 00:00:48]} 24. Bxd5 {[%clk 01:05:21]} {[%emt
00:00:08]} Rd7 {[%clk 00:25:34]} {[%emt 00:00:38]} 25. Rf1 {[%clk 01:04:47]}
{[%emt 00:01:06]} e6 {[%clk 00:24:39]} {[%emt 00:01:24]} 26. Bb3 {[%clk
01:04:38]} {[%emt 00:00:40]} Rdc7 {[%clk 00:24:35]} {[%emt 00:00:31]} 27. Rcd1
{[%clk 01:04:30]} {[%emt 00:00:40]} d5 {[%clk 00:24:42]} {[%emt 00:00:24]} 28.
Rf2 {[%clk 01:03:51]} {[%emt 00:01:10]} Na5 {[%clk 00:24:47]} {[%emt 00:00:23]}
29. Rd3 {[%clk 01:03:47]} {[%emt 00:00:35]} Nxb3 {[%clk 00:24:22]} {[%emt
00:00:56]} 30. Rxb3 {[%clk 01:04:10]} {[%emt 00:00:07]} b5 {[%clk 00:24:38]}
{[%emt 00:00:14]} 31. Kh2 {[%clk 01:04:15]} {[%emt 00:00:24]} Rc2 {[%clk
00:24:27]} {[%emt 00:00:39]} 32. Rf1 {[%clk 01:03:15]} {[%emt 00:01:31]} Re2
{[%clk 00:23:49]} {[%emt 00:01:08]} 33. Kg3 {[%clk 01:02:40]} {[%emt 00:01:06]}
Rcc2 {[%clk 00:23:59]} {[%emt 00:00:19]} 34. Rb1 {[%clk 01:02:33]} {[%emt
00:00:38]} Rxg2+ {[%clk 00:24:19]} {[%emt 00:00:11]} 35. Kf4 {[%clk 01:02:36]}
{[%emt 00:00:26]} Rc4+ {[%clk 00:22:41]} {[%emt 00:02:06]} 36. Ke5 {[%clk
01:02:47]} {[%emt 00:00:22]} Re4+ {[%clk 00:22:50]} {[%emt 00:00:20]} 37. Kd6
{[%clk 01:03:00]} {[%emt 00:00:17]} Re2 {[%clk 00:22:49]} {[%emt 00:00:30]} 38.
Ra3 {[%clk 01:02:49]} {[%emt 00:00:43]} R2xe3 {[%clk 00:22:02]} {[%emt
00:01:16]} 39. Rxa6 {[%clk 01:03:00]} {[%emt 00:00:19]} d4 {[%clk 00:21:56]}
{[%emt 00:00:35]} 40. Rf1 {[%clk 01:02:58]} {[%emt 00:00:32]} Re5 {[%clk
00:21:32]} {[%emt 00:00:54]} 41. Ra7 {[%clk 01:02:45]} {[%emt 00:00:44]} Rf5
{[%clk 00:21:53]} {[%emt 00:00:08]} 42. Rd1 {[%clk 01:02:59]} {[%emt 00:00:16]}
d3 {[%clk 00:21:34]} {[%emt 00:00:48]} 43. Ra3 {[%clk 01:03:05]} {[%emt
00:00:25]} Rd5+ {[%clk 00:21:52]} {[%emt 00:00:11]} 44. Kc6 {[%clk 01:03:20]}
{[%emt 00:00:16]} Rxh3 {[%clk 00:21:57]} {[%emt 00:00:25]} 45. Rc3 {[%clk
01:03:09]} {[%emt 00:00:40]} Rh2 {[%clk 00:19:42]} {[%emt 00:02:44]} 46. Rdxd3
{[%clk 01:03:17]} {[%emt 00:00:23]} Rxd3 {[%clk 00:19:59]} {[%emt 00:00:13]}
47. Rxd3 {[%clk 01:03:36]} {[%emt 00:00:11]} Rxb2 {[%clk 00:20:20]} {[%emt
00:00:09]} 48. Ra3 {[%clk 01:03:56]} {[%emt 00:00:10]} b4 {[%clk 00:20:22]}
{[%emt 00:00:28]} 49. Ra5 {[%clk 01:04:14]} {[%emt 00:00:12]} b3 {[%clk
00:20:40]} {[%emt 00:00:12]} 50. axb3 {[%clk 01:04:41]} {[%emt 00:00:03]} Rxb3
{[%clk 00:20:59]} {[%emt 00:00:11]} 0-1